00576nam a2200181Ia 4500008004100000020001500041020001800056041000800074050002700082100001400109245006500123246005300188260007000241300002100311650003000332650002000362650001200382200901s9999||||xx |||||||||||||| ||und|| a9577271979 a9789577271976 achi aPL2878.N84 b.L56 2003 a林治平 0a林治平选集:b掏心集: 寫給年輕的你 /c林治平 a林治平選集:b掏心集: 写给年轻的你/ a臺北市 : b基督教宇宙光全人關懷機構出版 ,c2003 a10 v.b;c21 cm. aChristian life -- Taiwan. aChristian life. aTaiwan.